banner-ar

PUSHKIN : A GALLERY OF PORTRAITS / (Record no. 4831)

MARC details
000 -الفاتح
حقل البيانات ثابتة الطول 00581nam a2200205Ia 4500
008 - عناصر البيانات ثابتة الطول - معلومات عامة
حقل البيانات ثابتة الطول 140319s9999 xx 000 0 eng d
020 ## - الرقم الدولى المعيارى للكتب
الرقم الدولى المعيارى للكتاب 5269002914
040 ## - مصدر الفهرسة
وكالة الفهرسة الأصلية GCL /
وكالة النسخ GCL
082 04 - رقم تصنيف ديوى العشرى
رقم التصنيف 759.47
رقم المادة P P
100 1# - المدخل الرئيسى - إسم شخصى
الإسم الشخصى PAVTOVA, E.
245 10 - بيان العنوان
العنوان PUSHKIN : A GALLERY OF PORTRAITS /
بيان المسئوليه,etc PAVTOVA, E.
260 ## - PUBLICATION, DISTRIBUTION, ETC. (IMPRINT)
تاريخ النشر أو التوزيع 1989
300 ## - الوصف المادى
التعداد :
تفاصيل ماديه اخرى للوعاء ILLS ؛
أبعاد الوعاء 2 VOL.
650 04 - المدخل الاضافى بالموضوع-مصطلح موضوعى
مصطلح موضوعي PUSHKIN, ALEKSANDR
650 04 - المدخل الاضافى بالموضوع-مصطلح موضوعى
مصطلح موضوعي RUSSIA - PORTRAIT PAINTING
650 04 - المدخل الاضافى بالموضوع-مصطلح موضوعى
مصطلح موضوعي RUSSIA - PORTRAIT SCULPTURE
650 04 - المدخل الاضافى بالموضوع-مصطلح موضوعى
مصطلح موضوعي PORTRAITS - LITERATURE
942 ## - عناصر المدخل الإضافي( كوها)
مصدر التصنيف او مخطط الترفيف Dewey Decimal Classification
Koha [default] item type كتاب
260 ## - PUBLICATION, DISTRIBUTION, ETC. (IMPRINT)
-- روسيا :
-- SOVIETSKY KHUDOZHNIK ،
Holdings
حالة التراجع حالة الفقد حالة تلف ليس للاعارة المكان المؤقت الموقع الحالى تاريخ الاكتساب اجمالي اﻻعارات رقم الطلب الباركود تاريخ اخر مشاهدة تاريخ تفعيل السعر نوع وعاء كوها
        مكتبة القاهرة الكبرى مكتبة القاهرة الكبرى 03/26/2014   759.47\P P 10821 03/26/2014 03/26/2014 كتاب
        مكتبة القاهرة الكبرى مكتبة القاهرة الكبرى 03/26/2014   759.47\P P 10822 03/26/2014 03/26/2014 كتاب
        مكتبة القاهرة الكبرى مكتبة القاهرة الكبرى 03/26/2014   759.47\P P 10823 03/26/2014 03/26/2014 كتاب

Powered By

EGPV